LIBRARY & INFORMATION CENTRE, KCAET, TAVANUR

ONLINE PUBLIC ACCESS CATALOGUE (OPAC)

India`s Economic Problems: An Analytical Approach (Record no. 7916)

MARC details
000 -LEADER
fixed length control field 00359cam a2200133ua 4500
020 ## - INTERNATIONAL STANDARD BOOK NUMBER
ISBN 0074519670
082 ## - DEWEY DECIMAL CLASSIFICATION NUMBER
Classification number 330.95405
Item number UPP/IN
100 ## - MAIN ENTRY--AUTHOR NAME
Personal name Uppal, J.S .
245 00 - TITLE STATEMENT
Title India`s Economic Problems: An Analytical Approach
250 ## - EDITION STATEMENT
Edition statement 3 /
260 ## - PUBLICATION, DISTRIBUTION, ETC. (IMPRINT)
Place of publication New Delhi :
Name of publisher Tata Mc-Graw Hill Publishing Company ,
Year of publication 1985.
300 ## - PHYSICAL DESCRIPTION
Number of Pages 545 ; .
942 ## - ADDED ENTRY ELEMENTS (KOHA)
Koha item type Reference
Holdings
Withdrawn status Lost status Damaged status Collection code Home library Current library Shelving location Date acquired Full call number Accession Number Koha item type
      Reference KAUAET KAUAET Reference 07/04/2012 330.95405.UPP/IN 15913 Reference
free website counter